Correct The Spelling - Statistics

General Stats
  • This quiz has been taken 386 times
  • The average score is 11 of 15
Answer Stats
Hint Answer % Correct
Discription Description
95%
Ax Axe
93%
Reluctatly Reluctantly
86%
Hunnee Honey
83%
Vurticul Vertical
83%
Flauer Flower
82%
Zu Zoo
81%
Unnkighnd Unkind
79%
Polarbearzz Polarbears
77%
Damaj Damage
76%
Carz Cars
72%
Eye I
69%
Jaavaa Java
60%
Punchooashun Punctuation
45%
Moletan Molten
30%
No matching quizzes found
Score Distribution
Percent of People with Each Score
Percentile by Number Answered
Your Score History
You have not taken this quiz